000 00282nam a2200109Ia 4500
008 200302s9999 xx 000 0 und d
100 _aGraham Owen
245 _aArchitecture Ethics and Globalization
260 _bRoutledge Taylor & Francis Group
260 _c2009
300 _a243 P.,
999 _c2752
_d2752